A Textbook of Engineering Mechanics / (Record no. 8350)

MARC details
000 -LEADER
fixed length control field 00468nam a2200169 a 4500
020 ## - INTERNATIONAL STANDARD BOOK NUMBER
ISBN 8121931002 (paperback)
020 ## - INTERNATIONAL STANDARD BOOK NUMBER
ISBN 9788121931007 (paperback)
082 ## - DEWEY DECIMAL CLASSIFICATION NUMBER
Classification number 620.00151KHU
100 1# - MAIN ENTRY--AUTHOR NAME
Personal name Khurmi, R. S.
245 12 - TITLE STATEMENT
Title A Textbook of Engineering Mechanics /
260 ## - PUBLICATION, DISTRIBUTION, ETC. (IMPRINT)
Place of publication [S.l.] :
Name of publisher S Chand & Co Ltd,
Year of publication 2008.
300 ## - PHYSICAL DESCRIPTION
Number of Pages 1 v. (unpaged)
650 ## - SUBJECT ADDED ENTRY--TOPICAL TERM
Topical Term Mechanics
650 ## - SUBJECT ADDED ENTRY--TOPICAL TERM
Topical Term Mechanics, Applied
856 40 - ELECTRONIC LOCATION AND ACCESS
Uniform Resource Identifier http://10.10.170.122:8080/browse/book/1383
942 ## - ADDED ENTRY ELEMENTS (KOHA)
Koha item type Books
Holdings
Withdrawn status Lost status Home library Current library Date acquired Cost, normal purchase price Full call number Accession Number Koha item type
  Lost and Paid For Central Library, QUEST, Nawabshah Central Library, QUEST, Nawabshah 23/07/2014 811.00 620.1KHU 34043 Books
    Central Library, QUEST, Nawabshah Central Library, QUEST, Nawabshah 23/07/2014 811.00 620.1KHU 34044 Books
    Central Library, QUEST, Nawabshah Central Library, QUEST, Nawabshah 23/07/2014 811.00 620.1KHU 34046 Books
    Central Library, QUEST, Nawabshah Seminar Library, Energy & Environ. Engg. 23/07/2014 811.00 620.1KHU 34045 Books